00787nam a22002537a 4500003000500000005001700005008004100022010001000063011001000073035001000083040000900093082001500102100001700117245007800134260007300212300001100285490006500296650002300361650002700384650001800411700001900429700002000448830006500468CHAP20220329140641.0971013s1995 r 00010 d a55374 a56346 a60499 cCHAP a580.14bB700aBrako, Lois. aScientific and common names of 7,000 vascular plants in the United States aSt. Paul, Minnesota :bThe American Phytopathological Society,c1995 a295 p. aContributions from the U.S. National Fungus Collectionsv; 714aBotánicaxE.U.A.14aPlantasxNomenclatura.14aTracheophyta.0 aFarr, David F.0 aRossman, Amy Y.0 aContributions from the U.S. National Fungus Collectionsv; 7